| 000 | 04754cam a22012134i 4500 | ||
|---|---|---|---|
| 003 | PE-LiUPU | ||
| 005 | 20250813185549.0 | ||
| 008 | 150706s r 000 0 d | ||
| 020 | _a9788425421020 | ||
| 035 | _a(Sirsi) i9788425421020 | ||
| 040 |
_aPE-LiUPU _bspa _cPE-LiUPU _erda |
||
| 049 | _aPRUA | ||
| 082 | 0 | 4 |
_a302.3 _bT73 _221 |
| 100 | 1 |
_aTorres Medina, Carmen, _eautor. |
|
| 245 | 1 | 0 |
_aDinámica de grupos en formación de formadores : _bcasos prácticos / _cCarmen Torres Medina y Ma José Pérez de Villar Ruiz. |
| 264 | 1 |
_aBarcelona : _bHerder, _c2007. |
|
| 300 |
_a229 páginas : _bilustraciones, tablas, cuadros ; _c22 centímetros |
||
| 336 |
_atext _2rdacontent |
||
| 337 |
_aunmediated _2rdamedia |
||
| 338 |
_avolume _2rdacarrier |
||
| 504 | _aIncluye bibliografía. | ||
| 505 | 0 | _aProgramación -- Programación de una actividad -- Caso Isla -- Estudio de un caso: Una unidad verdaderamente suya -- Estilos de dirección -- Capacidad y actitudes. ¿Es usted un tipo "X" o un tipo "Y" -- Estilos docentes -- Estilos de dirección -- Identificación de la propia imagen como docente -- Comunicación -- Casa, árbol, perro -- El mensaje del rostro -- Juego experimental. Círculo, cadena, estrella -- Diálogo controlado -- Clínica del rumor -- El recorrido de la comunicación -- comunicación a partir de inferencias -- Música para una vaca -- Otro día -- Las comunicaciones escritas -- La imagen de mi yo -- Yo miro así -- Feed - Back -- Los rectángulos de Leavitt -- La ventana de Johari -- La leyenda hindú -- Intercambio de siluetas -- Elección de profesión -- Aprendizaje -- Inventario de estilos de aprendizaje -- Refuerzo y motivación -- El sistema de numeración worabura -- El sistema de numeración odoboko -- Solución de problemas -- Solución de problemas -- Estudio de un caso: Una alumna que siempre llega tarde -- Estudio de un caso: Un caso grave de ansiedad ante los exámenes -- Estudio de un caso: La estampida -- Actitudes -- Caso elle -- El aborto -- Tipología de alumnos -- Guía para tratar a cada participante según su personalidad -- Percepción -- El problema de los nueve puntos -- Ejercicio del cuadrado -- Mujer anciana, mujer joven -- Las figuras -- Percepción interpersonal -- Las ilusiones ópticas -- Motivación -- Po qué merece la pena esforzarse -- Estudio de un caso: Brillante pero apáticos -- Estudio de un caso: Incremento de la frustración -- Grupos -- el misterio del secuestro. | |
| 526 | _aP202 | ||
| 526 | _aP201 | ||
| 526 | _aP163 | ||
| 526 | _aP162 | ||
| 526 | _aP161 | ||
| 526 | _aP160 | ||
| 526 | _aP148 | ||
| 526 | _aP147 | ||
| 526 | _aP146 | ||
| 526 | _aP145 | ||
| 526 | _aP144 | ||
| 526 | _aP143 | ||
| 526 | _aP142 | ||
| 526 | _aP141 | ||
| 526 | _aP140 | ||
| 526 | _aP139 | ||
| 526 | _aP138 | ||
| 526 | _aP137 | ||
| 526 | _aP136 | ||
| 526 | _aP135 | ||
| 526 | _aP134 | ||
| 526 | _aP133 | ||
| 526 | _aP129 | ||
| 526 | _aP128 | ||
| 526 | _aP127 | ||
| 526 | _aP120 | ||
| 526 | _aP119 | ||
| 526 | _aP118 | ||
| 526 | _aP116 | ||
| 526 | _aP115 | ||
| 526 | _aP114 | ||
| 526 | _aP110 | ||
| 526 | _aP109 | ||
| 526 | _aP108 | ||
| 526 | _aP104 | ||
| 526 | _aP103 | ||
| 526 | _aP102 | ||
| 526 | _aP99 | ||
| 526 | _aP98 | ||
| 526 | _aP97 | ||
| 526 | _aP96 | ||
| 526 | _aP95 | ||
| 526 | _aP93 | ||
| 526 | _aP90 | ||
| 526 | _aP89 | ||
| 526 | _aP88 | ||
| 526 | _aP83 | ||
| 526 | _aP82 | ||
| 526 | _aP62 | ||
| 526 | _aP59 | ||
| 526 | _aP58 | ||
| 526 | _aP57 | ||
| 526 | _aP51 | ||
| 526 | _aP49 | ||
| 526 | _aP48 | ||
| 526 | _aP47 | ||
| 526 | _aP29 | ||
| 526 | _aP24 | ||
| 526 | _aP20 | ||
| 526 | _aP19 | ||
| 526 | _aP17 | ||
| 526 | _aP15 | ||
| 526 | _aP14 | ||
| 526 | _aP12 | ||
| 526 | _aP10 | ||
| 526 | _aP09 | ||
| 526 | _aP08 | ||
| 526 | _aP07 | ||
| 526 | _aP06 | ||
| 526 | _aP05 | ||
| 526 | _aP04 | ||
| 526 | _aP01 | ||
| 541 | _g001-000794; | ||
| 650 | 0 | 4 | _aDinámica de grupo. |
| 700 | 1 |
_aPérez de Villar Ruíz, Ma José, _eautor. |
|
| 910 |
_agl _bjv _cng _d20091214 |
||
| 942 |
_2ddc _cBOOK |
||
| 949 |
_aPTF 302.3 T73 _wDEWEY _c1 _i60809 _d2016-8-17 _e2016-8-14 _lCCODEBUL1 _mBUL _n2 _p21.00 _r0 _sY _tBOOK _u2015-7-6 _xEDUCACION _PP54 _0COMPRA _o.CIRCNOTE. No olvidar cambiar la fecha de devolución!!!!!!! _o.STAFF. Colección General |
||
| 994 |
_aC0 _bPEPRU |
||
| 596 | _a1 | ||
| 999 |
_aPTF 302.3 T73 _wDEWEY _c50187 _i60809 _d50187 _e2017-8-9 _f2021-11-8 _g5 _lCCODEBUL1 _mBUL _n3 _p21.00 _r0 _sY _tBOOK _u2015-7-6 _xEDUCACION _PP54 _0COMPRA _o.CIRCNOTE. No olvidar cambiar la fecha de devolución!!!!!!! _o.STAFF. Colección General |
||
| 980 |
_81 _gALBERTO SANCHEZ Responsable de Automatización |
||